| 000 | 00349nam a2200133Ia 4500 | ||
|---|---|---|---|
| 008 | 240624s9999 xx 000 0 und d | ||
| 041 | _aeng | ||
| 082 | _a658.11 SOU | ||
| 100 | _aSANDERS IAN | ||
| 245 | _aLEAP DITCH YOUR JOB START YOUR OWN BUSIN | ||
| 260 |
_c2008 _aCapstone _bJohn Wiley and Sons |
||
| 300 | _a214 : p. : cm. ; 20 | ||
| 365 |
_c _b30 |
||
| 999 |
_c11437 _d11437 |
||